LEADER 01135nam a2200277 4500 001 000000353309 003 CaOOAMICUS 005 20230523130113.0 008 230329s2008 it 000 u ita r 020 $a978-88-15-12551-4 040 $aSeMil$bita 100 1 $aSurdich, Luigi.$0(OLS)http://semarc/name/41157 245 10$aBoccaccio /$cLuigi Surdich. 264 1$aBologna :$bIl Mulino,$c2008. 300 $a146 p. ;$c21 cm 490 1 $aItinerari. Filologia e critica letteraria 490 1 $aProfili di storia letteraria 600 14$aBoccaccio, Giovanni <1313-1375>.$0(OLS)http://semarc/subject/5996 830 0$aItinerari. Filologia e critica letteraria.$0(OLS)http://semarc/title/443331 830 0$aProfili di storia letteraria.$0(OLS)http://semarc/title/443330 850 $aSeMil 852 $aSeMil$W1$xVenegono$y1$m1O II 364$j239063$B244527$CSeMilBibl$Z2$F244527 $81 996 $6020$a978-88-15-12551-4$9(OLS)http://semarc/number/297878 996 $6245$aBoccaccio$9(OLS)http://semarc/title/120439 996 $6264$aBologna :$bIl Mulino$9(OLS)http://semarc/publisher/29842 LEADER 00855nam a2200193 i 4500 001 000000247027 003 CaOOAMICUS 005 20151209000000.0 008 151209s1781 it u000 u ita u 013 $a225932 026 $a.*.* oiia a-i- codi (3) 1781 (R) - [*= stella a 5 p.] 040 $aSeMil$bita 245 10$aMarzo. 300 $a230, [2] p. 500 $aSegn. : A-T8/4 chi 1. - La chi1 contiene l'Errata. 773 0 $aMassini, Carlo $tSeconda raccolta di vite de' santi per ciaschedun giorno dell'anno, ovvero Appendice alla Raccolta delle vite de' santi. Si premette la vita della santissima Vergine Maria ..$dIn Roma : Dalla Stamperia Pagliarini, 1781.$g3$w()32889 850 $aSeMil 852 $aSeMil$W1$xVenegono$y1$m3H II 15 FA$j197373$B197373$CSeMilBibl$Z2$F208485 $8I 996 $6245$aMarzo$9(OLS)http://semarc/title/271408